000 01611nam a2200361 i 4500
001 768714001
003 CO-MdFUSB
005 20230517171242.0
007 ta
008 211015t1998 ck |||| |||| 00| 0 spa d
020 _a9789586146531
040 _aCO-MdFUSB
_bspa
_cCO-MdFUSB
_dCO-MdFUSBC
_erda
041 _aspa
082 _223
_a920.0986
_bB932
100 _aBuinaima, Jikiti. ‎
_eautor
240 _aEsprit de la forêt.
245 3 _aEl espíritu de la selva
_c/ Jikiti Buinaima
264 1 _aSanta Fe de Bogotá, Colombia :
_bPlaneta,
_c[1998]
264 4 _c© 1998
300 _a301 páginas
_c; 22 cm
336 _2rdacontent
_atexto
_btxt
337 _2rdamedia
_asin mediación
_bn
338 _2rdacarrier
_avolumen
_bnc
490 _aColección Espejo de Colombia
505 _tMi infancia y mi adolescencia:
_aNarración de mi madre. -- Sobre la época esclavista. -- Iniciación por mi abuelo-Conocedor. -- Muerte y metamorfosis de mi abuelo.
505 _tLos blancos:
_aCómo ataqué a los Colonos. -- Mi fuga a Leticia. -- Los misioneros me inventaron una nueva identidad. -- La historia de Leticia.
505 _tSiete años en Brasil:
_aMi viaje por el Amazonas y mi llegada a Manaos. -- La mina de oro. -- La mina de Bauxista. -- En ayuda de los Zucanos. -- La vida en territorio Zucano. -- Mi abuelo Delfín. -- Mi segundo viaje de iniciación.
505 _tUn mundo nuevo:
_aRetorno a Leticia. -- Patricia. -- Descubriendo Europa. -- Mi lucha por la Selva.
563 _aRústico
650 0 _9397
_aBiografía
_zColombia
942 _cBK
945 _aJTF-925
999 _c66949
_d66949